Los BRICS, una nueva realidad geopolítica (Record no. 182076)

MARC details
000 -LEADER
campo de control de longitud fija 00731nam a2200169 i 4500
001 - NÚMERO DE CONTROL
campo de control 182076
003 - IDENTIFICADOR DE NÚMERO DE CONTROL
campo de control ES-MaACL
005 - FECHA Y HORA DE LA ÚLTIMA TRANSACCIÓN
campo de control 20230906221525.0
008 - DATOS DE LONGITUD FIJA--INFORMACIÓN GENERAL
campo de control de longitud fija 130529s2012 sp |||| | spa d
100 1# - ENTRADA PRINCIPAL--NOMBRE DE PERSONA
Nombre de persona Argumosa Pila, Jesús.
9 (RLIN) 152819
245 14 - MENCIÓN DEL TÍTULO
Título Los BRICS, una nueva realidad geopolítica
Resto del título : 5ª Conferencia del Ciclo 2012 celebrada en el Centro Superior de Estudios de la Defensa Nacional (CESEDEN) Madrid 17 de mayo 2012 /
Mención de responsabilidad, etc. Jesus Argumosa Pila.
260 ## - PUBLICACIÓN, DISTRIBUCIÓN, ETC.
Lugar de publicación, distribución, etc. Madrid :
Nombre del editor, distribuidor, etc. Asociación Española de Militares Escritores,
Fecha de publicación, distribución, etc. [2012?]
300 ## - DESCRIPCIÓN FÍSICA
Extensión 24 p. ;
Dimensiones 21 cm.
651 #4 - PUNTO DE ACCESO ADICIONAL DE MATERIA--NOMBRE GEOGRÁFICO
Nombre geográfico Países BRIC-
Subdivisión general Situación económica.
9 (RLIN) 152820
710 2# - ENTRADA AGREGADA--NOMBRE DE ENTIDAD CORPORATIVA
Nombre de entidad corporativa o nombre de jurisdicción como elemento de entrada Asociación Española de Militares Escritores.
9 (RLIN) 152829
852 ## - LOCALIZACIÓN
Ubicación ES-MaACL
Número de control de estantería 2114-F-25
Holdings
Estatus retirado Estado de pérdida Estado de daño No para préstamo Colección Biblioteca de origen Biblioteca actual Ubicación en estantería Fecha de adquisición Fuente de adquisición Total de préstamos Signatura topográfica completa Código de barras Visto por última vez Precio de reemplazo Tipo de ítem Koha
        Colección de folletos Biblioteca del Ateneo de Madrid Biblioteca del Ateneo de Madrid Depósito folletos 29/05/2013     2114-F-25 1191337 23/02/2023 23/02/2023 Folleto